UM Logo

Metacognitive skills and English and Mathematics proficiency of fourth year students of Matanao National High School/ (Record no. 2668)

MARC details
000 -LEADER
fixed length control field 00642nam a22001577a 4500
008 - FIXED-LENGTH DATA ELEMENTS--GENERAL INFORMATION
fixed length control field 160523b xxu||||| |||| 00| 0 eng d
082 ## - DEWEY DECIMAL CLASSIFICATION NUMBER
Edition number 2007
Classification number UT 0054
Item number Al71
100 ## - MAIN ENTRY--PERSONAL NAME
9 (RLIN) 8773
Personal name Pansacala, Adrian H.
245 ## - TITLE STATEMENT
Title Metacognitive skills and English and Mathematics proficiency of fourth year students of Matanao National High School/
Statement of responsibility, etc. Adrian H. Pansacala, Eleen Grene A. Alicaya and Josephine M. Mangaron.
260 ## - PUBLICATION, DISTRIBUTION, ETC. (IMPRINT)
Place of publication, distribution, etc. Digos City:
Name of publisher, distributor, etc. UMDC
Date of publication, distribution, etc. March 2007.
300 ## - PHYSICAL DESCRIPTION
Extent 59 pages;
Dimensions 28 cm.
650 #0 - SUBJECT ADDED ENTRY--TOPICAL TERM
9 (RLIN) 8772
Topical term or geographic name as entry element Education
General subdivision Undergraduate thesis.
700 ## - ADDED ENTRY--PERSONAL NAME
9 (RLIN) 8770
Personal name Alicaya, Eleen Grene A.
700 ## - ADDED ENTRY--PERSONAL NAME
9 (RLIN) 8771
Personal name Mangaron, Josephine M.
942 ## - ADDED ENTRY ELEMENTS (KOHA)
Source of classification or shelving scheme Dewey Decimal Classification
Koha item type Undergraduate Thesis
Holdings
Withdrawn status Lost status Source of classification or shelving scheme Damaged status Not for loan Collection code Home library Current library Date acquired Total Checkouts Full call number Barcode Date last seen Price effective from Koha item type
    Dewey Decimal Classification     Undergraduate Theses UM Digos College - LIC UM Digos College - LIC 05/23/2016   UT 0054 Al71 2007 UT0054 05/23/2016 05/23/2016 Undergraduate Thesis